000 00948nam2a22002411 4500
001 rc\2154674
005 20260407141030.0
035 _a(NLR Aleph) 006493420
090 _a6156418
_c6156418
100 _a20110829d1978 |||y0rusy50 ca
101 0 _arus
102 _aRU
105 _ay z |||||
200 0 _aЧ. 1
210 _d[1978]
_aБ. м.
215 _a67 с.
461 0 _1001rc\2154673
_12001#$aСоветские цитостатики$e[Материалы исслед.]$eЧ. 1-$fВ/о "Медэкспорт"$vЧ. 1
_96156411
_c[Москва]
_d[1978]
_fВ/о "Медэкспорт"
_nВнешторгиздат
_o[Материалы исслед.] : Ч. 1-
_tСоветские цитостатики
_vЧ. 1
712 0 2 _a"Медэкспорт", всесоюзное объединение
_3RU\NLR\AUTH\8810008531
_9514809
801 0 _aRU
_bNLR
_gpsbo
801 1 _aRU
_bELAR
_2rusmarc
852 _aNLR
_j78-6/651
942 _cBOOK
980 _aNB